[Event "Oberliga Nord N 1920"]
[Site "Germany"]
[Date "2021.08.15"]
[Round "9.1"]
[White "Groetzbach, Julian"]
[Black "Beeck, Mats"]
[Result "0-1"]
[WhiteElo "2282"]
[BlackElo "2126"]
[PlyCount "86"]
[EventDate "2019.09.29"]
[EventType "team-tourn"]
[EventRounds "9"]
[EventCountry "GER"]
[SourceTitle "EXT 2023"]
[Source "ChessBase"]
[SourceDate "2022.10.05"]
[SourceVersion "1"]
[SourceVersionDate "2022.10.05"]
[SourceQuality "1"]
[WhiteTeam "Hamburger SK III"]
[BlackTeam "Kiel Doppelbauer"]
[WhiteTeamCountry "GER"]
[BlackTeamCountry "GER"]

1. e4 e5 2. Nf3 Nc6 3. Bb5 Nf6 4. 0-0 Nxe4 5. d4 Nd6 6. Bxc6 dxc6 7. dxe5 Nf5 8. Qxd8+ Kxd8 9. Nc3 Be7 10. h3 Nh4 11. Nxh4 Bxh4 12. Ne2 a5 13. Bf4 a4 14. Rfd1+ Ke8 15. Rd2 Be7 16. Nd4 g5 17. Bh2 h5 18. f4 g4 19. f5 Bg5 20. Re2 Ra5 21. e6 Bf6 22. c3 a3 23. b4 Rd5 24. Rae1 gxh3 25. gxh3 Bxd4+ 26. cxd4 fxe6 27. Be5 Rg8+ 28. Kh1 c5 29. bxc5 exf5 30. Bxc7+ Kd7 31. Re7+ Kc6 32. Be5 Kb5 33. Re3 Bd7 34. Rxd7 Rxd7 35. Rxa3 Kc6 36. Rb3 Kd5 37. Rf3 Rf7 38. Kh2 Ra8 39. a3 Ke4 40. Rf4+ Ke3 41. Kg3 Rg8+ 42. Kh4 Re8 43. Rf1 f4 0-1

[Event "Karlsruhe Grenke op"]
[Site "Karlsruhe"]
[Date "2019.04.19"]
[Round "3"]
[White "Arjun, Kalyan"]
[Black "Groetzbach, Julian"]
[Result "1-0"]
[WhiteElo "2445"]
[BlackElo "2250"]
[PlyCount "69"]
[EventDate "2019.04.18"]
[EventType "swiss"]
[EventRounds "9"]
[EventCountry "GER"]
[SourceTitle "CBM 189 Extra"]
[Source "ChessBase"]
[SourceDate "2019.06.03"]
[SourceVersion "1"]
[SourceVersionDate "2019.06.03"]
[SourceQuality "1"]

1. e4 c5 2. Nf3 e6 3. d4 cxd4 4. Nxd4 Nc6 5. Nc3 Qc7 6. g3 a6 7. Bg2 Nf6 8. 0-0 h5 9. h3 Bc5 10. Nxc6 bxc6 11. e5 Qxe5 12. Bf4 Qd4 13. Qe2 Be7 14. Be5 Qa7 15. Rfd1 d5 16. Na4 Kf8 17. c4 Nd7 18. Bc3 Qb8 19. h4 Nc5 20. Nxc5 Bxc5 21. Rac1 Bd6 22. Bf3 f6 23. Kg2 Be5 24. cxd5 cxd5 25. Bxh5 Bb7 26. Bf3 Qd6 27. Ba5 Qd7 28. h5 d4 29. Bc7 Bxc7 30. Bxb7 Ra7 31. Bc6 Qd6 32. Bf3 Qe5 33. Qc4 Ke7 34. Rxd4 Qb5 35. Qxc7+ 1-0

[Event "Bayern-chI Bank Hofmann 22nd"]
[Site "Tegernsee"]
[Date "2018.10.31"]
[Round "5"]
[White "Pasti, Aron"]
[Black "Groetzbach, Julian"]
[Result "1-0"]
[WhiteElo "2085"]
[BlackElo "2247"]
[PlyCount "63"]
[EventDate "2018.10.27"]
[EventType "swiss"]
[EventRounds "9"]
[EventCountry "GER"]
[SourceTitle "CBM 187 Extra"]
[Source "ChessBase"]
[SourceDate "2018.11.04"]
[SourceVersion "1"]
[SourceVersionDate "2018.11.04"]
[SourceQuality "1"]

1. e4 c5 2. Nf3 Nc6 3. Nc3 e6 4. Be2 a6 5. a4 Nf6 6. 0-0 d5 7. exd5 Nxd5 8. Ne4 e5 9. c3 Be7 10. d4 cxd4 11. cxd4 f5 12. Nc3 e4 13. Ne1 Nf6 14. d5 Ne5 15. Qb3 Bd6 16. f3 Bc5+ 17. Kh1 exf3 18. Bxf3 Nfg4 19. Bxg4 Nxg4 20. Nd3 Bd6 21. Re1+ Kf7 22. Bf4 Bxf4 23. Nxf4 Qd6 24. g3 h5 25. Re6 Bxe6 26. dxe6+ Kf6 27. Qxb7 Qf8 28. h4 Rb8 29. Qc7 Ne3 30. Re1 g5 31. Ncd5+ Nxd5 32. Qe5+ 1-0

[Event "Bayern-chI Bank Hofmann 22nd"]
[Site "Tegernsee"]
[Date "2018.10.28"]
[Round "2"]
[White "Groetzbach, Julian"]
[Black "Firouzja, Alireza"]
[Result "1-0"]
[WhiteElo "2247"]
[BlackElo "2600"]
[PlyCount "99"]
[EventDate "2018.10.27"]
[EventType "swiss"]
[EventRounds "9"]
[EventCountry "GER"]
[SourceTitle "CBM 187 Extra"]
[Source "ChessBase"]
[SourceDate "2018.11.04"]
[SourceVersion "1"]
[SourceVersionDate "2018.11.04"]
[SourceQuality "1"]

1. e4 c5 2. Nf3 d6 3. d4 cxd4 4. Nxd4 Nf6 5. Nc3 a6 6. a3 Nc6 7. Be2 g6 8. Be3 Bg7 9. Qd2 Ng4 10. Bxg4 Bxg4 11. Nd5 Rb8 12. 0-0 0-0 13. c4 e5 14. Nc2 b5 15. Ncb4 Na5 16. cxb5 axb5 17. Qd3 Bd7 18. b3 f5 19. f3 f4 20. Bf2 g5 21. Rac1 g4 22. Rc7 gxf3 23. Qxf3 Rf7 24. Rfc1 Qg5 25. h3 h5 26. Bb6 Ra8 27. Rxd7 Rxd7 28. Nc7 Rc8 29. Bxa5 Bf6 30. Rc6 Qh4 31. Nbd5 Bd8 32. Qf2 Rg7 33. Qxh4 Bxh4 34. Kf1 Kh7 35. Rc2 Rcg8 36. Be1 Bxe1 37. Nf6+ Kg6 38. Nxg8 Bh4 39. Nxb5 Rxg8 40. Nxd6 Rd8 41. Rc6 Kh7 42. Ke2 Ra8 43. a4 Rb8 44. Rc7+ Kg6 45. Rb7 Rg8 46. Nf5 Bf6 47. Rb6 Ra8 48. Nd6 Bd8 49. Rc6 Rb8 50. Rc8 1-0

[Event "BL2-Nord 1718"]
[Site "Germany"]
[Date "2018.03.18"]
[Round "8.8"]
[White "Grote, Dirk"]
[Black "Groetzbach, Julian"]
[Result "1/2-1/2"]
[WhiteElo "2101"]
[BlackElo "2279"]
[PlyCount "73"]
[EventDate "2017.10.08"]
[EventType "team-tourn"]
[EventRounds "9"]
[EventCountry "GER"]
[SourceTitle "CBM 183 Extra"]
[Source "ChessBase"]
[SourceDate "2018.04.19"]
[SourceVersion "1"]
[SourceVersionDate "2018.04.19"]
[SourceQuality "1"]
[WhiteTeam "St Pauli"]
[BlackTeam "Hamburger SK II"]
[WhiteTeamCountry "GER"]
[BlackTeamCountry "GER"]

1. d4 d5 2. c4 e6 3. Nc3 Bb4 4. Nf3 Nf6 5. cxd5 exd5 6. Qb3 c5 7. dxc5 Qa5 8. Bd2 Nc6 9. e3 Be6 10. Nd4 Qxc5 11. Bb5 Bd7 12. 0-0 Bxc3 13. Bxc3 a6 14. Bxc6 bxc6 15. Rac1 Qa7 16. Nxc6 Bxc6 17. Bxf6 Bb5 18. Bd4 Qd7 19. Rfe1 0-0 20. Rc5 Rfd8 21. Rec1 h5 22. Qc3 Kh7 23. Rc7 Qf5 24. Qc5 Re8 25. Re7 Rac8 26. Rc7 Rcd8 27. Bc3 Re4 28. Qa7 Kg8 29. f3 Re6 30. Qd4 Rg6 31. Kf2 Re8 32. Rc5 Rd8 33. Rd1 Qg5 34. Rg1 Qf5 35. Rd1 Qg5 36. Rg1 Qf5 37. Rd1 1/2-1/2

[Event "Pfalz op-A 9th"]
[Site "Neustadt an der Weinstrasse"]
[Date "2018.02.12"]
[Round "6"]
[White "Groetzbach, Julian"]
[Black "Faerber, David"]
[Result "1/2-1/2"]
[WhiteElo "2310"]
[BlackElo "2134"]
[PlyCount "143"]
[EventDate "2018.02.09"]
[EventType "swiss"]
[EventRounds "9"]
[EventCountry "GER"]
[SourceTitle "CBM 182 Extra"]
[Source "ChessBase"]
[SourceDate "2018.02.23"]
[SourceVersion "1"]
[SourceVersionDate "2018.02.23"]
[SourceQuality "1"]

1. e4 c6 2. d4 d5 3. exd5 cxd5 4. Nf3 Nc6 5. Ne5 Nf6 6. Bb5 Bd7 7. Nxd7 Qxd7 8. c3 g6 9. 0-0 Bg7 10. Bf4 0-0 11. Nd2 a6 12. Bd3 Qg4 13. Qxg4 Nxg4 14. Nb3 e5 15. f3 Nf2 16. Rxf2 exf4 17. Re2 Rfe8 18. Rae1 Rxe2 19. Rxe2 b6 20. Nc1 Bf8 21. Bc2 Rd8 22. Nd3 Bd6 23. Bb3 Bc7 24. Ba4 b5 25. Bb3 Kf8 26. Kf1 h6 27. Nc5 a5 28. Bc2 Bb6 29. Nd3 Bc7 30. Nc5 Bb6 31. Nd3 Bc7 32. a4 b4 33. Bb3 g5 34. h4 bxc3 35. bxc3 Ne7 36. hxg5 hxg5 37. Kf2 Nf5 38. Ne5 Ne3 39. Ng4 Rb8 40. Bc2 Nxc2 41. Rxc2 Kg7 42. Ke2 Rb3 43. Kd3 f5 44. Nf2 Kg6 45. Re2 Ra3 46. Re7 Bd8 47. Rd7 Bf6 48. Rxd5 Rxa4 49. c4 Ra3+ 50. Kd2 Ra2+ 51. Ke1 a4 52. c5 a3 53. Rd6 Kf7 54. Nd3 Ra1+ 55. Ke2 a2 56. Ra6 Rg1 57. Ne1 Bxd4 58. Rxa2 Bxc5 59. Ra4 g4 60. Rc4 Be3 61. fxg4 fxg4 62. Rc6 Kg7 63. Ra6 g3 64. Nd3 Rxg2+ 65. Kf3 Rd2 66. Nxf4 Bxf4 67. Kxf4 g2 68. Ra1 Rf2+ 69. Kg3 Rf1 70. Ra7+ Rf7 71. Rxf7+ Kxf7 72. Kxg2 1/2-1/2

[Event "Hamburg CC Easter op 3rd"]
[Site "Hamburg"]
[Date "2017.04.17"]
[Round "7"]
[White "Groetzbach, Julian"]
[Black "Schroeder, Christoph"]
[Result "1-0"]
[WhiteElo "2246"]
[BlackElo "2174"]
[PlyCount "102"]
[EventDate "2017.04.14"]
[EventType "swiss"]
[EventRounds "7"]
[EventCountry "GER"]
[SourceTitle "CBM 177 Extra"]
[Source "ChessBase"]
[SourceDate "2017.04.27"]
[SourceVersion "1"]
[SourceVersionDate "2017.04.27"]
[SourceQuality "1"]

1. Nf3 f5 2. d4 Nf6 3. g3 e6 4. Bg2 d5 5. 0-0 Bd6 6. c4 c6 7. Nc3 0-0 8. Qc2 Nbd7 9. cxd5 Nxd5 10. e4 fxe4 11. Nxe4 N7f6 12. Nxd6 Qxd6 13. Bd2 Bd7 14. Rfe1 Rae8 15. Re2 Re7 16. Rae1 Be8 17. Bh3 Bf7 18. Ne5 Rfe8 19. Qc5 Qxc5 20. dxc5 Nd7 21. Nxd7 Rxd7 22. Bxe6 Bxe6 23. Rxe6 Rxe6 24. Rxe6 Kf7 25. Re2 Nc7 26. Be3 Rd1+ 27. Kg2 Nd5 28. Kf3 a5 29. a3 Nxe3 30. Rxe3 a4 31. Re4 Rc1 32. Rb4 Rxc5 33. Rxb7+ Kf6 34. h4 h5 35. Rb4 Rc2 36. Rf4+ Ke6 37. Re4+ Kd5 38. Rxa4 Rxb2 39. Ra7 g6 40. Rg7 c5 41. Rxg6 c4 42. Rg5+ Kd4 43. Rxh5 Rb3+ 44. Kf4 Rb8 45. Rh7 Rf8+ 46. Kg5 Rxf2 47. h5 Rf3 48. g4 Rxa3 49. Rc7 Rh3 50. h6 c3 51. Kg6 Kd5 1-0

[Event "Hamburg CC Easter op 3rd"]
[Site "Hamburg"]
[Date "2017.04.15"]
[Round "4"]
[White "Zippert, Georg"]
[Black "Groetzbach, Julian"]
[Result "0-1"]
[WhiteElo "1849"]
[BlackElo "2246"]
[PlyCount "102"]
[EventDate "2017.04.14"]
[EventType "swiss"]
[EventRounds "7"]
[EventCountry "GER"]
[SourceTitle "EXT 2020"]
[Source "ChessBase"]
[SourceDate "2019.10.17"]
[SourceVersion "1"]
[SourceVersionDate "2019.10.17"]
[SourceQuality "1"]

1. e4 d5 2. exd5 Qxd5 3. Nc3 Qd6 4. d4 Nf6 5. Nf3 c6 6. Bd3 Bg4 7. Be3 e6 8. h3 Bh5 9. a3 Nbd7 10. Ne4 Nxe4 11. Bxe4 Nf6 12. Bd3 Nd5 13. Qe2 Nxe3 14. Qxe3 Bxf3 15. gxf3 0-0-0 16. c3 c5 17. Rc1 Kb8 18. Ke2 cxd4 19. cxd4 Qxd4 20. Rc3 Qxe3+ 21. fxe3 Bd6 22. Rhc1 Be5 23. R3c2 g5 24. a4 h5 25. b3 g4 26. f4 Bd6 27. Rg1 f5 28. Bc4 e5 29. fxe5 Bxe5 30. Be6 f4 31. exf4 Bxf4 32. Rf1 Rhf8 33. Rc4 Rde8 34. Rcxf4 Rxe6+ 35. Kd3 Rxf4 36. Rxf4 g3 37. h4 Rg6 38. Rf1 g2 39. Rg1 Rg3+ 40. Kc4 Kc7 41. Kd5 Kb6 42. Kc4 Rg4+ 43. Kc3 Kc5 44. b4+ Kd5 45. Kd3 Rg3+ 46. Ke2 Kc4 47. Kf2 Rg4 48. Rxg2 Rxg2+ 49. Kxg2 Kxb4 50. Kf3 Kxa4 51. Kf4 b5 0-1

[Event "Budapest FS03 IM"]
[Site "Budapest"]
[Date "2017.03.07"]
[Round "4"]
[White "Groetzbach, Julian"]
[Black "Ilincic, Zlatko"]
[Result "1/2-1/2"]
[WhiteElo "2234"]
[BlackElo "2397"]
[PlyCount "85"]
[EventDate "2017.03.04"]
[EventType "tourn"]
[EventRounds "9"]
[EventCountry "HUN"]
[SourceTitle "CBM 177 Extra"]
[Source "ChessBase"]
[SourceDate "2017.04.27"]
[SourceVersion "1"]
[SourceVersionDate "2017.04.27"]
[SourceQuality "1"]

1. Nf3 Nf6 2. c4 e6 3. g3 d5 4. Bg2 c6 5. b3 a5 6. Bb2 a4 7. 0-0 Nbd7 8. d4 a3 9. Bc1 b5 10. c5 b4 11. Bd2 Rb8 12. Bf4 Rb5 13. Nbd2 Be7 14. Re1 0-0 15. e4 Nxe4 16. Nxe4 dxe4 17. Rxe4 Nf6 18. Ne5 Qe8 19. Re1 Nd5 20. Bxd5 cxd5 21. Bd2 Bd8 22. Nd3 Ba5 23. Re3 Bd7 24. Qe1 Qb8 25. Ne5 Qb7 26. Rc1 Rc8 27. g4 Bd8 28. f4 Be8 29. g5 f6 30. Nd3 Bg6 31. Nxb4 fxg5 32. Rxe6 Bf6 33. Nc2 gxf4 34. Bxf4 Qf7 35. Bg3 Be4 36. Rxe4 dxe4 37. Qxe4 Re8 38. Qd3 Qd5 39. Qxb5 Bxd4+ 40. Nxd4 Qxd4+ 41. Bf2 Qg4+ 42. Bg3 Qd4+ 43. Bf2 1/2-1/2

[Event "Lueneburg op-A"]
[Site "Lueneburg"]
[Date "2016.07.03"]
[Round "4"]
[White "Karpatchev, Aleksandr"]
[Black "Groetzbach, Julian"]
[Result "1-0"]
[WhiteElo "2489"]
[BlackElo "2184"]
[PlyCount "101"]
[EventDate "2016.07.01"]
[EventType "swiss"]
[EventRounds "9"]
[EventCountry "GER"]
[SourceTitle "CBM 173 Extra"]
[Source "ChessBase"]
[SourceDate "2016.08.29"]
[SourceVersion "1"]
[SourceVersionDate "2016.08.29"]
[SourceQuality "1"]

1. e4 c5 2. c3 Nf6 3. e5 Nd5 4. Nf3 d6 5. Bc4 e6 6. d4 cxd4 7. cxd4 Be7 8. 0-0 0-0 9. Qe2 b6 10. Rd1 Bb7 11. Bxd5 exd5 12. e6 Na6 13. Nc3 Nc7 14. exf7+ Rxf7 15. b4 h6 16. a4 Bc8 17. Ne1 Be6 18. Be3 Qd7 19. Rdc1 a6 20. Nd1 Bf5 21. Ra3 Bf6 22. Qd2 Ra7 23. Qa2 Rb7 24. Nc3 Be6 25. Ne2 g5 26. Ng3 Bd8 27. Qc2 Kh8 28. Qe2 Bg4 29. Qd3 Ra7 30. h3 Be6 31. Qe2 Ne8 32. Bd2 Ng7 33. Be3 Nf5 34. Nxf5 Bxf5 35. Nf3 g4 36. hxg4 Bxg4 37. Bxh6 Rh7 38. Qd2 Qe6 39. Bg5 Raf7 40. Nh2 Bxg5 41. Qxg5 Rfg7 42. Qe3 Qf5 43. Nxg4 Rxg4 44. Rac3 Rg8 45. Qf3 Qe6 46. g3 Rh4 47. Re3 Qh6 48. Rce1 Rf4 49. Re6 Qg5 50. Qe3 Qh4 51. Kg2 1-0

[Event "Lueneburg op-A"]
[Site "Lueneburg"]
[Date "2016.07.02"]
[Round "3"]
[White "Groetzbach, Julian"]
[Black "Kornitzky, Tino"]
[Result "1-0"]
[WhiteElo "2184"]
[BlackElo "1893"]
[PlyCount "77"]
[EventDate "2016.07.01"]
[EventType "swiss"]
[EventRounds "9"]
[EventCountry "GER"]
[SourceTitle "CBM 173 Extra"]
[Source "ChessBase"]
[SourceDate "2016.08.29"]
[SourceVersion "1"]
[SourceVersionDate "2016.08.29"]
[SourceQuality "1"]

1. Nf3 Nf6 2. c4 e6 3. g3 d5 4. Bg2 d4 5. 0-0 c5 6. e3 Nc6 7. exd4 cxd4 8. d3 Bd6 9. Re1 0-0 10. Nbd2 e5 11. c5 Bc7 12. Nc4 Re8 13. b4 Bg4 14. Qb3 e4 15. dxe4 Nxe4 16. Bb2 a5 17. a3 a4 18. Qd3 Bxf3 19. Bxf3 Ng5 20. Bg2 Qf6 21. f4 Ne6 22. f5 Nf8 23. Ne3 Ne5 24. Qxd4 Nf3+ 25. Bxf3 Be5 26. Qg4 Bxb2 27. Rad1 Qc3 28. Be4 Rad8 29. f6 Qxf6 30. Nd5 Bd4+ 31. Kh1 Qf2 32. Re2 f5 33. Rxf2 fxg4 34. Rxd4 Ne6 35. Rd1 Ng5 36. Ne7+ Kh8 37. Rxd8 Rxd8 38. Bxb7 Nh3 39. Rf1 1-0

[Event "GER-chT U20"]
[Site "Osnabrueck"]
[Date "2015.12.27"]
[Round "1.4"]
[White "Groetzbach, Julian"]
[Black "Saida, Hazim"]
[Result "1-0"]
[WhiteElo "2193"]
[BlackElo "1817"]
[PlyCount "49"]
[EventDate "2015.12.27"]
[EventType "team-swiss"]
[EventRounds "7"]
[EventCountry "GER"]
[SourceTitle "EXT 2017"]
[Source "ChessBase"]
[SourceDate "2016.10.25"]
[SourceVersion "1"]
[SourceVersionDate "2016.10.25"]
[SourceQuality "1"]
[WhiteTeam "Hamburger SK"]
[BlackTeam "Frankfurt"]
[WhiteTeamCountry "GER"]
[BlackTeamCountry "GER"]

1. Nf3 Nf6 2. c4 e6 3. g3 c5 4. Bg2 Nc6 5. 0-0 Be7 6. Nc3 d5 7. cxd5 exd5 8. d4 0-0 9. Bg5 cxd4 10. Nxd4 Qb6 11. Nb3 d4 12. Bxf6 Bxf6 13. Nd5 Qd8 14. Qd2 Be6 15. Nxf6+ Qxf6 16. Bxc6 bxc6 17. Qxd4 Qg6 18. Rfd1 Rfe8 19. Nc5 Bd5 20. Rd2 Qh6 21. Rad1 Rab8 22. b3 a5 23. e4 Rb4 24. Qd3 Bxe4 25. Nxe4 1-0